Cuộc đời kỳ ảo của những thiên tài giàu có
Gardado en:
| Autor Principal: | |
|---|---|
| Formato: | Libro |
| Idioma: | Vietnamese |
| Publicado: |
Đồng Nai
Đồng Nai
1997
|
| Những chủ đề: | |
| Các nhãn: |
Engadir etiqueta
Sen Etiquetas, Sexa o primeiro en etiquetar este rexistro!
|
| Thư viện lưu trữ: | Trung tâm Học liệu Lê Vũ Hùng, Trường Đại học Đồng Tháp |
|---|
| LEADER | 00727pam a22002178a 4500 | ||
|---|---|---|---|
| 001 | 00040967 | ||
| 005 | 20180201150237.0 | ||
| 008 | 170505s1998 ||||||viesd | ||
| 041 | 0 | # | |a vie |
| 082 | 1 | 4 | |b C514Đ |a 650.1 |
| 100 | 1 | # | |a Phạm Côn Sơn |e Sưu tầm Và biên soạn |
| 245 | 0 | 0 | |a Cuộc đời kỳ ảo của những thiên tài giàu có |c Phạm Côn Sơn |
| 260 | # | # | |a Đồng Nai |b Đồng Nai |c 1997 |
| 300 | # | # | |a 203tr. |b minh họa |c 21cm. |
| 653 | # | # | |a Cuộc đời |
| 653 | # | # | |a Kinh doanh |
| 653 | # | # | |a Thiên tài |
| 653 | # | # | |a Thành công |
| 852 | # | # | |j KD.0017536 |
| 910 | |d 01/02/2018 | ||
| 980 | # | # | |a Trung tâm Học liệu Lê Vũ Hùng, Trường Đại học Đồng Tháp |